000 00608nam a2200133 a 4500
008 120813s2012 ||||||||||||||||| || u
050 _aUNESA(02)2012/2
110 _aUnited Nations Economic and Social Affairs (UNESA)
245 1 0 _aSystem of Environmental-Economic Accounting for Water: SEEA-Water
260 _aNew York
_bUnited Nations Economic and Social Affairs (UNESA)
_c2012
300 _axiii, 197p.: ill.
650 _aWATER RESOURCES DEVELOPMENT--ACCOUNTING
995 _FCBU-MAIN LIBRARY (Kitwe)
_M1
_UAVAILABLE
_WAug 16, 2012
_ZInternational Publications
999 _c59308
_d59308